A cidade e a infância (Registo nº 37095)

Detalhes MARC
000 -Etiqueta do registo
campo de controlo de comprimento fixo 006020000a22001930004500
001 - Identificador do registo
Campo de controlo 37095
100 ## - Dados Gerais de Proc.
Dados gerais de processamento 20180412d2014 m y0pory5003 ba
101 0# - Língua da publicação
Língua do texto, banda sonora, etc. Português
102 ## - País de Publicação
País de publicação Portugal
200 1# - Título
Título próprio A cidade e a infância
Informação de outro título contos
Primeira menção de responsabilidade Luandino Vieira
205 ## - Menção da edição
Menção da edição 2.ª ed
210 ## - Publicação, Distribuição
Lugar da edição, distribuição, etc. Lisboa
Nome do editor, distribuidor, etc. União das Cidades Capitais de Língua Portuguesa
Data da publicação, distribuição, etc. 2014
215 ## - Descrição física
Descrição física 79 p
225 2# - Colecção
Título próprio da colecção Autores ultramarinos
Indicação de volume 2
675 ## - CDU
Notação 821.134.3(673)-34"19"
Edição BN
Língua da edição Português
700 #1 - Responsabilidade principal
Palavra de ordem Vieira
Outra parte do nome José Luandino
Elementos de identificação ou distinção pseud.
090 ## - Números de controlo do sistema (Koha)
Número biblioitem do Koha (gerado automaticamente) 37095
942 ## - Elementos de entrada adicionados (Koha)
Tipo de item no Koha Monografias
Suprimido Disponível no OPAC
999 ## - Campo local
Campo local 37095
Exemplares
Removido (estado) Perdido (estado) Data de aquisição Origem do registo (biblioteca) (codificado) Código da organização que empresta ou é detentora (biblioteca) Código de barras Local Número de inventário Cota Tipo de circulação (não pode ser emprestado) Tipo de item e material
Disponível Disponível 2018-04-12 Biblioteca Municipal Álvaro de Campos Biblioteca Municipal Álvaro de Campos BMTAV56712 Sala de Adultos 56712 R4 VIE Normal Monografias